00281nam a2200121Ia 4500003000400000005001700004008004100021020001900062040001700081100001300098245002100111260002700132OSt20240301095750.0170524s9999 xx 000 0 und d a978-8126124596 ciimtu meerut aKUNDRA S 0aMEDIA MANAGEMENT bANMOL PUB. : NEW DELHI